000 00337nam a2200133Ia 4500
003 GCL
008 140319s9999 xx 000 0 ara d
040 _aGCL /
_cGCL
082 0 4 _a621.9
_bل ا
245 1 0 _aاساسيات الالات الزراعية
260 _a[S.N] :
_bدار المريخ للنشر
300 _a1129
490 _a
999 _c31598
_d31598